Aplikácia etických princípov EK IFAC v činnosti účtovníka a audítora (accountants)v podmienkach právnej úpravy SR diplomová práca

Guardado en:
Detalles Bibliográficos
Autor principal: Bedleková, Lenka
Autor Corporativo: Fakulta hospodárskej informatiky EU. Katedra účtovníctva a audítorstva
Otros Autores: Krišková, Petra, 1981-
Formato: Libro
Lenguaje:eslovaco
Publicado: Bratislava 2018
Etiquetas: Agregar Etiqueta
Sin Etiquetas, Sea el primero en etiquetar este registro!

MARC

LEADER 00000nbm a2200000 4500
001 0243621
005 20181108090816.0
041 0 |a slo 
044 |a SK 
245 1 0 |a Aplikácia etických princípov EK IFAC v činnosti účtovníka a audítora (accountants)v podmienkach právnej úpravy SR  |b diplomová práca  |c Lenka Bedleková ; školiteľ: Petra Krišková 
264 1 |a Bratislava  |c 2018 
300 |a 63 s. 
100 1 |a Bedleková, Lenka 
700 1 |a Krišková, Petra, 1981- 
710 2 |a Fakulta hospodárskej informatiky EU. Katedra účtovníctva a audítorstva